000
00235nam a2200097Ia 4500
001
727553
005
20250826163451.0
008
250824s9999 xx 000 0 und d
245
0
_a
GÖLGE CANAVARLAR
_c
AYŞE YAMAÇ
260
_b
BU YAYINEVİ
999
_c
727553
_d
727553